000 00607nam a2200229Ia 4500
003 OSt
005 20220924152550.0
006 a|||||r|||| 00| 0
007 ta
008 220923b |||||||| |||| 00| 0 mar d
024 _a343134
037 _cTextual
040 _aARTS
_cARTS
_bmar
041 _2mar
_amar
082 _aV235:6.M7, 155K2.1-.5
100 _aGujar Ed.
_9227006
245 0 _aKarvir chatrapati ghranyachaetihasachi sadhne
260 _c1962
650 _aHISTORY
942 _hV235:6.M7, 155K2.1-.5
_cTEXL
_2CC
999 _c470263
_d470263